00689nam a2200205Ia 4500952015000000999001700150003000400167005001700171008004100188020001800229040000900247082001800256100002900274245006900303250001200372260003600384300000900420650001200429942004200441 00102ddc40708PHYSICSaMESbMEScPHYd2019-02-20g4250.00l11m24o530.12 ZET/Qp35278r2026-03-02 09:31:32s2026-02-07w2019-02-20yBKzG11R4 c34410d34410OSt20231215111613.0190216s9999||||xx |||||||||||||| ||und|| a9780470026793 coclc a530.12bZET/Q1 aZettili, Nouredine96359 0aQuantum Mechanics Concepts And Applications /cNouredine Zettili a2nd Ed. bWiley India,c2010.aNew Delhi: a671p aPhysics cBK2ddch530.12iZET/Qk530.12mZET/Q